000 00582nam a2200241 a 4500
999 _c5918
_d5918
001 5918
003 BD-JhCC
005 20171231120100.0
008 171230s1938 bg |||| ||a| 000 0 eng d
020 _a0938030019
035 _a(BD-JhCC)5918
040 _aBD-JhCC
_dBD-JhCC
041 _aeng
082 _a649.6
_bMAC 1981
100 _aMacht, Joel
245 _aTeaching Our Children /
_cJoel Macht
260 _aUSA :
_bJem Publsihing,
_c1938.
300 _a143 p. :
_c21 cm.
650 _aParenting
650 _aChildren Development
942 _2ddc
_cBK